000 00603nam a2200253Ia 4500
005 20260123170735.0
008 008 260114s9999 xx 000 0 eng d
020 _a9788178245713
037 _aEBOOK
040 _aCRL
040 _beng
040 _cCRL
041 _2eng
041 _aeng
084 _qCRL
100 _aNandini Sundar
_91107100
245 0 _aAnthropology in the East
260 _bOrient Blackswan
260 _c2000
856 _uhttps://ebooks.orientblackswandigital.com/product/9788178245713
942 _cEBOOK
999 _c1672211
_d1672211